[Event "1st Cyprus Chess Tournament 2019"]
[Site "Larnaca"]
[Date "2019.10.27"]
[Round "4.9"]
[White "Serbulent, Huseyin"]
[Black "Lornye, Pylyp"]
[Result "0-1"]
[WhiteElo "1818"]
[BlackElo "2284"]
[Annotator "TA"]
[PlyCount "78"]
[EventDate "2019.10.25"]
[EventType "swiss"]
[EventCountry "CYP"]
[SourceTitle "playchess.com"]
[Source "ChessBase"]
[SourceQuality "1"]

{[%evp 14,78,66,46,59,51,53,57,79,0,18,1,30,12,32,33,32,27,44,31,31,20,26,-7,24,18,33,10,22,5,8,0,0,-13,-10,-100,-18,-113,-97,-100,-87,-141,-161,-154,-150,-188,-152,-188,-171,-168,-106,-269,-200,-199,-210,-503,-472,-587,-592,-535,-519,-29990,-29991,-29991,-29992,-29992,-29993]} 1. e4 d6 2. d4 Nf6 3. Nc3 g6 4. f3 c6 5. Be3 Bg7 6. Qd2 b5 7. g4 Nbd7 8. O-O-O b4 {B07: Pirc Defence: Miscellaneous Systems} (8... Nb6 9. Bd3 h5 10. g5 Nfd7 11. f4 b4 12. Nce2 c5 13. dxc5 dxc5 14. c4 Bb7 15. Qc2 a5 16. Nf3 {½-½ (37) Tari,A (2620)-Holm,K (2469) Larvik 2019}) 9. Nce2 Qa5 10. Kb1 Ba6 {White is slightly better.} 11. Bh6 (11. g5 $16 Nh5 12. Ng3) 11... Bxh6 $11 12. Qxh6 O-O-O 13. Nh3 $146 ({Predecessor:} 13. Qe3 Nb6 14. g5 Nfd7 15. Bh3 Bc4 16. Nc1 Kc7 {½-½ (16) Tuchenhagen,A (2054)-Probst,A (1900) Bayern 2016}) 13... Nb6 14. Nc1 Bxf1 15. Rhxf1 Nc4 16. Nb3 Qb5 17. Rfe1 a5 {[%cal Ba7a5,Ba5a4][%mdl 32]} 18. Qf4 a4 19. Nd2 Nxd2+ 20. Rxd2 Rhf8 21. d5 Nd7 22. dxc6 Ne5 23. Rd5 Qxc6 24. c4 (24. Qe3 $11 {remains equal.}) 24... e6 (24... Nxc4 $17 {Threatens to win with ...Kd7.} 25. Rc1 e5) 25. Rb5 {[#]} (25. Rc1 $1 $11) 25... Rd7 $1 $17 ({But not} 25... Nxc4 $2 26. Rxb4 Qc7 {[#]} 27. Rxc4 $1 $18 {[%mdl 512]}) (25... Nd3 26. Qe3 $16) 26. Nf2 Rb7 27. Rxb7 (27. Rc1 $142) 27... Kxb7 28. Qd2 Qb6 ({Don't play} 28... Nxf3 29. Qxb4+ Qb6 30. Qxb6+ Kxb6 31. Rd1 $17) ({Weaker is} 28... Qxc4 29. Rc1 $11) 29. c5 Qxc5 30. Rc1 Nc4 31. Qe1 Qb5 (31... Rc8 $19 32. Nd3 {[%mdl 64] Double Attack} Qb6) 32. e5 $2 (32. Nd3 $17 {might work better.}) 32... d5 $40 {[%mdl 128] Black has strong attack.} 33. Ne4 {Black must now prevent Rxc4!} Rd8 34. Rxc4 $2 (34. h3) 34... Qxc4 $19 35. Nd6+ {[#]} Rxd6 $1 36. exd6 {KQ-KQ} Kc6 37. Qh4 (37. h4 $19 Kxd6 38. Qg3+ e5 39. Qf2) 37... Qf1+ {Black mates.} 38. Kc2 Qe2+ 39. Kc1 b3 {Accuracy: White = 31%, Black = 61%.} 0-1

[Event "1st Cyprus Chess Tournament 2019"]
[Site "Larnaca"]
[Date "2019.10.27"]
[Round "4.10"]
[White "Biljanic, Ljubomir"]
[Black "Georgiou, Andreas"]
[Result "1-0"]
[WhiteElo "2241"]
[BlackElo "1797"]
[Annotator "NA"]
[PlyCount "101"]
[EventDate "2019.10.25"]
[EventType "swiss"]
[EventCountry "CYP"]
[SourceTitle "playchess.com"]
[Source "ChessBase"]
[SourceQuality "1"]
[TimeControl "5400+30"]

1. d4 d6 2. c4 Nd7 3. Nc3 e5 4. Nf3 Ngf6 5. e4 Be7 6. Be2 O-O 7. O-O c6 8. Re1 Qc7 9. Bf1 b6 10. Bg5 h6 11. Bh4 Bb7 12. Rc1 Rac8 13. a3 a6 14. d5 cxd5 15. cxd5 Qb8 16. b4 Rc7 17. Bd3 Rfc8 18. Qd2 b5 19. a4 bxa4 20. Nxa4 Rxc1 21. Rxc1 Rxc1+ 22. Qxc1 g5 23. Bg3 Qc8 24. Qxc8+ Bxc8 25. Nd2 Nh5 26. Nc4 Kf8 27. Ncb6 Nxb6 28. Nxb6 Bb7 29. Nd7+ Ke8 30. Nb8 Kd8 31. Bxa6 Bxa6 32. Nxa6 Kc8 33. b5 Kb7 34. Nb4 Kb6 35. Nc6 Bf8 36. f3 Nxg3 37. hxg3 Kxb5 38. Kh2 Kb6 39. Nd8 f6 40. Ne6 Be7 41. Kh3 h5 42. Ng7 Kc5 43. Nxh5 f5 44. exf5 Kxd5 45. f6 Bd8 46. Kg4 Ke6 47. Kxg5 d5 48. Kg6 d4 49. Ng7+ Kd5 50. Nf5 Ke6 51. f7 {[%emt 0:25:00]} 1-0

[Event "1st Cyprus Chess Tournament 2019"]
[Site "Larnaca"]
[Date "2019.10.27"]
[Round "4.11"]
[White "Isaakidis, Alexandros"]
[Black "Hadjinicolaou, Andreas"]
[Result "1-0"]
[WhiteElo "2219"]
[BlackElo "1687"]
[Annotator "TA"]
[PlyCount "117"]
[EventDate "2019.10.25"]
[EventType "swiss"]
[EventCountry "CYP"]
[SourceTitle "playchess.com"]
[Source "ChessBase"]
[SourceQuality "1"]

{[%evp 9,117,34,44,32,41,-27,-22,-20,-11,-25,-43,-21,0,0,22,12,4,0,0,0,0,0,12,12,12,26,9,8,22,11,18,0,11,4,8,0,0,0,0,0,6,0,0,0,0,0,0,0,18,1,22,0,28,27,50,0,0,0,0,0,0,0,0,0,0,0,0,0,0,0,29958,29957,29958,29960,29957,0,0,0,0,0,0,0,29960,29960,29970,29971,29972,29973,29973,29974,29974,29975,29975,29976,29976,29977,29976,29977,29980,29981,29981,29982,29982,29983,29983,29984,29979,29979,29980,29980]} 1. c4 e5 2. Nc3 Nc6 3. Nf3 f5 4. g3 Nf6 5. d4 e4 6. Nh4 {A27: English Opening: Three Knights Variation} d6 (6... d5 7. Bg5 dxc4 8. e3 Be7 9. Bxc4 g6 10. Ng2 Qd6 11. a3 a6 12. Bh6 {0-1 (91) Wang,H (2735)-Fedoseev,V (2683) Hengshui 2019}) 7. Bh3 (7. Ng2 $14) 7... g6 $11 8. O-O {The position is equal.} Bg7 9. Bg5 O-O 10. f3 exf3 11. exf3 f4 $146 ({Predecessor:} 11... Qe8 12. Qd2 {1-0 (49) Griffiths,R (2310)-Roubaud,A (2086) Hastings 2012}) 12. Bxc8 Qxc8 13. Bxf4 Nh5 $1 14. Be3 Qe6 15. Qd3 Qxe3+ 16. Qxe3 Bxd4 17. Qxd4 Nxd4 18. Rad1 Nc2 {Hoping for ...Ne3.} 19. Ng2 Rae8 20. Kf2 Nf6 {White must now prevent ...Ng4+.} 21. h3 Nd7 22. Rd2 Nb4 {Threatening ...Ne5.} 23. f4 Nc5 24. a3 Nc6 25. b4 Ne4+ 26. Nxe4 Rxe4 27. Rc1 Rfe8 28. c5 Nd4 29. cxd6 cxd6 {With the idea ...Nb3.} 30. Re1 {Threatens to win with Rxd4!} Rxe1 31. Nxe1 Rxe1 {[%mdl 64] Remove Defender} 32. Kxe1 {[%mdl 4096] Endgame KR-KN} (32. Rxd4 {feels hotter.} Ra1 33. Rxd6 Ra2+ 34. Kf3 Rxa3+ 35. Kg4) 32... Nf3+ {[%mdl 64] Double Attack} 33. Kd1 Nxd2 34. Kxd2 {KP-KP} b5 $1 35. Ke3 Kf7 36. Ke4 Ke6 37. g4 h5 38. Kd4 h4 39. Ke4 d5+ $2 {[%mdl 8192]} (39... a6 $11) 40. Ke3 Ke7 41. Kd4 Kd6 42. Ke3 $2 (42. f5 {mates} gxf5 43. gxf5 a6 44. f6 Ke6 45. f7 $1 {[%mdl 512]} Kxf7 46. Kxd5 Kg6 47. Ke4) 42... Ke7 43. Kd2 Kf6 44. Kc3 {Kd4 is the strong threat.} Ke6 $2 {[%mdl 8192]} (44... Ke7 $11) 45. Kd4 Kd6 $1 46. f5 {White mates.} gxf5 47. gxf5 a6 48. f6 Ke6 {[#]} 49. f7 $1 {[%mdl 512]} Kxf7 50. Kxd5 {K3P-K3P} Kf6 51. Ke4 Ke6 {[#]} 52. Kf4 $1 {[%cal Rf4g4]} Kf6 53. Kg4 Ke5 54. Kxh4 Kf4 55. Kh5 Kf5 56. h4 Kf6 57. Kg4 Kg6 58. Kf4 Kh5 59. Ke5 {Accuracy: White = 69%, Black = 67%.} 1-0

[Event "1st Cyprus Chess Tournament 2019"]
[Site "Larnaca"]
[Date "2019.10.27"]
[Round "4.12"]
[White "Aristotelous, Vassilis"]
[Black "Tsyn, Igor"]
[Result "0-1"]
[WhiteElo "1756"]
[BlackElo "2129"]
[Annotator "TA"]
[PlyCount "86"]
[EventDate "2019.10.25"]
[EventType "swiss"]
[EventCountry "CYP"]
[SourceTitle "playchess.com"]
[Source "ChessBase"]
[SourceQuality "1"]

{[%evp 24,92,77,57,85,91,75,83,96,75,78,93,85,82,75,-86,-87,-191,-196,-191,-191,-191,-191,-191,-191,-191,-191,-191,-163,-155,-114,-114,-114,-218,-218,-218,-218,-394,-372,-526,-524,-523,-521,-651,-488,-476,-479,-472,-472,-468,-450,-636,-635,-877,-877,-877,-857,-1671,-1586,-1559,-1422,-29977,-29978,-29978,-12825,-29979,-29979,-29985,-29986,-29986,-29985]} 1. e4 e6 2. d4 d5 3. Nc3 Bb4 4. e5 Ne7 5. Nf3 c5 6. a3 Bxc3+ 7. bxc3 Bd7 8. a4 Qa5 9. Qd2 Nbc6 10. Ba3 cxd4 11. cxd4 Qxd2+ 12. Kxd2 O-O 13. Bd3 Rfc8 {C19: French: 3 Nc3 Bb4: Main line: 7 Nf3 and 7 a4} 14. Rhb1 b6 15. a5 $146 ({Predecessor:} 15. Ba6 Rd8 16. Bd6 Bc8 17. Bb5 Bd7 18. g4 Ng6 19. h4 Na5 20. Bc7 Rdc8 21. Bxb6 Nc4+ 22. Bxc4 Rxc4 23. Bc5 Bxa4 24. Ra2 a6 25. Rb7 Bb5 26. Rxb5 {1-0 (26) Rojas Barrero,A (2268)-Casallas Abril,D (1990) Bogota 2009}) 15... bxa5 {White is better.} 16. Rb7 Rd8 17. Bxe7 Nxe7 18. Rxa5 Nc6 19. Ra6 $2 (19. Rc5 $16 {keeps the pressure on.}) 19... Bc8 $17 20. Rxc6 (20. Rc7 $17 Bxa6 21. Bxa6) 20... Bxb7 $19 21. Rc7 Rdb8 22. Ng5 h6 23. Nxf7 {[#] Threatening Nd6.} a5 $1 {[%cal Ra5a4] aiming for ...a4.} 24. Nd8 Rxd8 25. Rxb7 {[%mdl 4096] Endgame KRR-KRB} Rdb8 26. Rb3 Rb4 27. Rxb4 axb4 $17 {KR-KB} 28. Ke3 {[#]} (28. Bg6 $17) 28... g5 $1 $19 29. Kf3 Ra1 30. Ke2 $2 (30. h3) 30... Rg1 31. Kf3 {[#]} (31. g3 $142 Rh1 32. g4) 31... g4+ $1 {[%mdl 512]} 32. Kg3 (32. Kxg4 Rxg2+) 32... Rd1 33. Be2 Rxd4 34. Bxg4 Kf7 35. Bh5+ Kg7 36. Be8 Re4 37. f4 (37. Ba4 $142 Rxe5 38. Kf3) 37... d4 38. Kf3 Re3+ 39. Kf2 Rc3 {Strongly threatening ...d3.} 40. Ke2 Rxc2+ 41. Kd3 Rxg2 42. Kxd4 b3 43. Bc6 Rg1 {Played: b3-b2} 0-1

[Event "1st Cyprus Chess Tournament 2019"]
[Site "Larnaca"]
[Date "2019.10.28"]
[Round "5.1"]
[White "Kazakouski, Valery"]
[Black "Tilicheev, Viacheslav"]
[Result "1/2-1/2"]
[WhiteElo "2474"]
[BlackElo "2478"]
[Annotator "TA"]
[PlyCount "44"]
[EventDate "2019.10.25"]
[EventType "swiss"]
[EventCountry "CYP"]
[SourceTitle "playchess.com"]
[Source "ChessBase"]
[SourceQuality "1"]

{[%evp 11,44,-30,-23,-34,-31,-20,-22,-12,-17,-58,-58,-49,-47,-56,-46,-44,-32,-68,-35,-43,14,5,9,11,3,12,12,0,0,0,18,0,0,0,18]} 1. Nf3 Nf6 2. c4 e6 3. g3 d5 4. Bg2 dxc4 5. O-O a6 6. a4 Nc6 7. Na3 {A13: English Opening: 1...e6} (7. Qc2 Na5 8. Na3 Qd5 9. Rd1 Bd7 10. d4 Qf5 11. Bd2 Qxc2 12. Nxc2 Nb3 13. Ra2 Bc6 14. Ne5 Bd5 {½-½ (68) So,W (2792)-Ding,L (2771) Tbilisi 2017}) 7... Bxa3 8. bxa3 e5 9. Bb2 Qd6 10. Qc2 Be6 11. Ng5 Bd5 12. e4 Be6 $1 13. Nxe6 Qxe6 14. Rac1 Na5 $146 ({Predecessor:} 14... Rd8) 15. d4 cxd3 (15... exd4 $15 16. Bxd4 O-O) 16. Qxc7 $11 {The position is equal.} Nb3 17. Qxb7 O-O $132 {[%mdl 2048] Black puts up resistance} 18. Rc6 Qd7 19. Rc7 Qd6 {[#] Threatens to win with ...Na5.} 20. Rc6 Qd7 21. Rc7 Qd6 {aiming for ...Na5.} 22. Rc6 Qd7 {Accuracy: White = 74%, Black = 66%.} 1/2-1/2

[Event "1st Cyprus Chess Tournament 2019"]
[Site "Larnaca"]
[Date "2019.10.28"]
[Round "5.2"]
[White "Sumets, Andrey"]
[Black "Arkell, Keith C"]
[Result "1-0"]
[WhiteElo "2570"]
[BlackElo "2447"]
[Annotator "TA"]
[PlyCount "65"]
[EventDate "2019.10.25"]
[EventType "swiss"]
[EventCountry "CYP"]
[SourceTitle "playchess.com"]
[Source "ChessBase"]
[SourceQuality "1"]

{[%evp 18,65,44,33,57,63,82,80,65,72,75,77,72,57,64,56,66,70,92,34,62,64,76,34,43,11,73,64,75,40,67,67,70,67,86,78,99,124,122,95,155,145,141,152,152,152,297,292,687,672]} 1. d4 d5 2. c4 c6 3. Nc3 Nf6 4. Nf3 g6 5. cxd5 cxd5 6. Bf4 Nc6 {[%cal Bb8c6,Bc6a5,Ba5c4][%mdl 32]} 7. e3 Bg7 8. h3 O-O 9. Bd3 a6 10. Rc1 Na5 {D90: Grünfeld: 4 Nf3 Bg7 sidelines} (10... Re8 11. Ne5 Nxe5 12. dxe5 Nd7 13. Nxd5 Nxe5 14. Be2 Qa5+ 15. b4 Qa3 16. O-O Be6 17. Nc7 Red8 18. Qe1 {1-0 (51) Nguyen,N (2621)-Andriasian,Z (2611) Dubai 2014}) 11. O-O b5 12. a4 $146 ({Predecessor:} 12. b3 Bb7 13. Qe2 Rc8 14. Rfd1 Ne4 15. Qe1 Nxc3 16. Rxc3 Nc6 17. Rdc1 f6 18. e4 e6 19. exd5 Qxd5 {½-½ (65) Dos Santos,H (2254)-Cordeiro,M (2219) Campos Novos 2011}) 12... Nc4 {White is better.} 13. Qe2 ({Much weaker is} 13. axb5 Nxb2 14. Qe2 Nxd3 $11) 13... b4 14. Nxd5 Nxd5 15. Rxc4 Nxf4 16. exf4 a5 17. Rd1 Be6 18. Rcc1 ({White should try} 18. Rc5 $1 $16) 18... Qd6 19. Bc4 Bd7 20. Bb3 Qxf4 21. Ne5 Be8 (21... Rac8 $11 22. Rxc8 Bxc8) 22. Rc7 e6 23. Rd3 Kh8 24. g3 Qg5 25. Qf3 $36 {[%mdl 2048] White fights for an advantage.} Bxe5 26. Rc5 {[%cal Bc7c5,Bc5a5,Ba5a6,Ba6c6][%mdl 96] Pin} Bd7 27. dxe5 Rac8 28. Rxa5 ({Weaker is} 28. Rxd7 Rxc5 29. Bxe6 (29. Rxf7 Rc1+ 30. Kg2 Rxf7 $17) 29... f5 $15) 28... Qc1+ (28... Rc1+ $142 29. Rd1 Kg8) 29. Rd1 $16 Qc7 {[#]} 30. Ra6 $1 {[%cal Ra6d6] Hoping for Rad6.} Bc6 {[#]} 31. Qe3 $1 Ra8 (31... Rfd8 $16 32. Rxd8+ Qxd8) 32. Qc5 $18 Rfc8 $2 {[#]} (32... Rac8 33. Rc1 Bb7 34. Qxf8+ Rxf8 35. Rxc7 Bxa6) 33. Rxc6 $1 {[%mdl 512] Accuracy: White = 54%, Black = 30%.} 1-0

[Event "1st Cyprus Chess Tournament 2019"]
[Site "Larnaca"]
[Date "2019.10.28"]
[Round "5.3"]
[White "Kotronias, Vasilios"]
[Black "Gleizerov, Evgeny"]
[Result "1/2-1/2"]
[WhiteElo "2486"]
[BlackElo "2512"]
[Annotator "TA"]
[PlyCount "93"]
[EventDate "2019.10.25"]
[EventType "swiss"]
[EventCountry "CYP"]
[SourceTitle "playchess.com"]
[Source "ChessBase"]
[SourceQuality "1"]

{[%evp 26,93,30,25,25,29,29,40,24,26,25,19,33,27,27,25,26,21,29,6,20,13,50,0,8,8,8,8,8,8,8,8,8,8,8,8,8,8,10,8,8,8,10,0,0,0,13,12,22,19,25,7,9,0,0,0,0,0,0,0,0,0,0,0,0,0,0,0,0,0]} 1. e4 e6 2. d4 d5 3. Nd2 Nf6 4. e5 Nfd7 5. c3 c5 6. Bd3 Nc6 7. Ne2 cxd4 8. cxd4 f6 9. exf6 Nxf6 10. Nf3 Bd6 11. O-O O-O 12. Bf4 Bxf4 13. Nxf4 Ng4 14. Qd2 Qf6 {C06: French Tarrasch: 3...Nf6 4 e5 Nfd7 5 Bd3 main lines} 15. Nh5 (15. Ne2 e5 16. dxe5 Ngxe5 17. Nxe5 Qxe5 18. Rae1 Be6 19. Bb5 Qd6 20. Nd4 Bd7 21. Nb3 Rad8 22. Bxc6 bxc6 {½-½ (86) Jones,G (2666)-Volkov,S (2557) Linares 2018}) 15... Qh6 16. Qxh6 Nxh6 {White is slightly better.} 17. Ng3 a6 18. Rac1 Bd7 19. Rfd1 $146 ({Predecessor:} 19. Rc5 Rac8 20. Rfc1 Nb4 21. Bb1 Rxc5 22. Rxc5 Nc6 23. Bd3 Rc8 24. Ne2 Nf7 25. a3 h6 26. b4 {½-½ (26) Makeev,V (2333)-Beckmann,F (2388) ICCF email 2009}) 19... Nf7 20. Rc3 Rac8 21. Ne2 g6 22. a3 Kg7 23. h4 Kf6 24. h5 Ne7 25. hxg6 hxg6 26. Rxc8 Rxc8 27. Nf4 Rh8 28. g4 Nc6 29. Kg2 g5 30. Nh5+ Ke7 {next ...e5 is good for Black.} 31. Kg3 e5 32. Bg6 {[#] Hoping for Bxf7.} (32. Nxe5 {seems wilder.} Nfxe5 33. dxe5 Nxe5 34. Be2 Be6 35. f4) 32... Nxd4 33. Nxd4 exd4 34. Bxf7 Kxf7 35. Rxd4 $11 {[%mdl 4096] Endgame KRB-KRN} Be6 36. f4 gxf4+ 37. Nxf4 Kf6 38. Rb4 b5 {The position is equal.} 39. a4 Rg8 40. Nxe6 (40. axb5 {is interesting.} a5 41. Ra4 Bxg4 42. Kf2 Bd1 43. Ra1) 40... Kxe6 41. axb5 axb5 42. Rxb5 {KR-KR} Ke5 43. Rb7 Ke4 44. Re7+ Kd3 45. Kf4 d4 46. g5 Rb8 47. g6 {Accuracy: White = 59%, Black = 76%.} 1/2-1/2

[Event "1st Cyprus Chess Tournament 2019"]
[Site "Larnaca"]
[Date "2019.10.28"]
[Round "5.4"]
[White "Mirzoev, Azer"]
[Black "Ivanov, Mikhail M"]
[Result "1-0"]
[WhiteElo "2472"]
[BlackElo "2342"]
[Annotator "TA"]
[PlyCount "81"]
[EventDate "2019.10.25"]
[EventType "swiss"]
[EventCountry "CYP"]
[SourceTitle "playchess.com"]
[Source "ChessBase"]
[SourceQuality "1"]

{[%evp 9,81,27,27,31,34,17,16,9,10,0,0,0,0,0,0,-42,-40,-58,-53,-62,-67,-47,-23,-32,2,-63,-75,-76,-68,-109,-101,-99,-105,-92,-49,-79,37,25,79,10,160,195,184,108,125,110,110,115,168,182,179,174,173,172,184,137,131,0,164,189,294,305,300,293,503,499,502,493,1669,1302,945,870,771,771]} 1. d4 Nf6 2. Nf3 g6 3. Nbd2 d5 4. e3 Bg7 5. b4 c6 (5... a5 6. b5 c5 7. bxc6 Nxc6 8. Be2 O-O 9. O-O Bf5 10. c3 Qc7 11. a4 e5 12. Ba3 Rfc8 13. Rc1 {½-½ (25) Aronian,L (2765)-Vachier Lagrave,M (2778) Saint Louis 2019}) 6. c4 {D02: 1 d4 d5 2 Nf3 sidelines, including 2...Nf6 3 g3 and 2...Nf6 3 Bf4} Bg4 7. Qb3 $146 ({Predecessor:} 7. Be2 a6 8. Bb2 O-O 9. O-O Nbd7 10. h3 Bxf3 11. Bxf3 b5 12. cxd5 cxd5 13. Nb3 Nb6 {½-½ (41) Moranda,W (2588)-Musialkiewicz,J (2250) Poland 2015}) 7... a5 {[%cal Ba7a5,Ba5a4,Ba4a3][%mdl 32]} 8. b5 {The position is equal.} a4 9. Qb4 O-O 10. Ba3 Re8 11. Ne5 Bf5 12. Ndf3 Nfd7 13. Bb2 a3 $36 {[%mdl 2048] Black has good play.} 14. Bc3 $1 Nb6 15. cxd5 cxd5 16. Be2 Bc2 (16... f6 $5 17. Nd3 $8 N8d7 $11) 17. Rc1 ({White should play} 17. Bd2 $1 $11) 17... Ra4 $15 18. Qc5 Be4 {Hoping for ...N8d7.} 19. Ba1 f6 20. Nd3 Nc4 21. b6 Nc6 ({But not} 21... Nxb6 $6 22. Qb5 $11) 22. Qb5 $1 {[%cal Rb5a4]} Qa8 ({Reject} 22... Nxb6 $6 23. Rb1 $11) (22... Ra6 $17 {aiming for ...e5.} 23. Nc5 Rxb6) 23. Bc3 $1 $14 Ra6 {[#]} (23... Bxd3 $11 {remains equal.} 24. Bxd3 e6) 24. Nf4 (24. Nd2 $1 $16 {[%cal Rd2c4]} Bxd3 25. Bxd3) 24... Nxb6 (24... Rxb6 $11 25. Qc5 Rb2 26. Nxd5 (26. Bxc4 dxc4 27. Qxc4+ e6 $17) 26... Nd6) 25. Nd2 $16 e5 {[#]} 26. Nxe4 ({Better is} 26. dxe5 $1 $18 fxe5 27. Nxe4 exf4 28. Nd6) 26... exf4 27. Nc5 fxe3 28. Nxa6 exf2+ (28... Qxa6 $16 {is a better defense.} 29. Qxa6 bxa6) 29. Kxf2 $18 Qxa6 30. Qxa6 bxa6 31. Bxa6 f5 32. Bb5 Rc8 {Strongly threatening ...Na7.} 33. Ba6 {And now Ba1 would win.} Re8 $1 34. Rhe1 Re4 (34... Rxe1 {might work better.} 35. Kxe1 (35. Rxe1 Na4 $16) 35... Bxd4 36. Bxd4 Nxd4) 35. Rxe4 fxe4 36. Bb7 Nd8 $2 (36... Ne7 37. Ke2 Kh8) 37. Rb1 {White is clearly winning.} Nxb7 38. Rxb6 Nc5 (38... Nd8 $142 39. Rd6 Nf7 40. Rxd5 Bf8) 39. dxc5 {Rb8+ would kill now.} Bxc3 40. Ke3 Kf7 41. Rd6 {Accuracy: White = 46%, Black = 56%.} 1-0

[Event "1st Cyprus Chess Tournament 2019"]
[Site "Larnaca"]
[Date "2019.10.28"]
[Round "5.5"]
[White "Ulybin, Mikhail"]
[Black "Velickovski-Nejkovic, Maja"]
[Result "1-0"]
[WhiteElo "2455"]
[BlackElo "2128"]
[Annotator "TA"]
[PlyCount "67"]
[EventDate "2019.10.25"]
[EventType "swiss"]
[EventCountry "CYP"]
[SourceTitle "playchess.com"]
[Source "ChessBase"]
[SourceQuality "1"]

{[%evp 9,77,40,39,37,124,124,127,122,116,93,132,81,79,74,70,77,62,46,87,74,106,105,184,176,163,171,173,175,237,188,234,168,232,223,264,253,270,260,386,295,294,290,287,270,262,267,292,287,392,293,529,529,479,397,464,496,658,548,558,546,1303,1245,5356,5335,7278,6257,29978,29979,29979,29980]} 1. d4 Nf6 2. c4 e5 3. dxe5 Ng4 4. Bf4 Nc6 5. Nf3 Bb4+ 6. Nc3 {A52: Budapest Gambit} (6. Nbd2 Qe7 7. e3 Ngxe5 8. Nxe5 Nxe5 9. Be2 d6 10. O-O a5 11. Nb3 a4 12. a3 Bc3 13. Qc2 Bxb2 14. Qxb2 axb3 15. c5 Be6 16. cxd6 cxd6 17. Bxe5 dxe5 18. Bd1 Bc4 {½-½ (18) Bluebaum,M (2619)-Moranda,W (2597) Katowice 2019}) 6... d6 (6... Bxc3+ $14 7. bxc3 Qe7) 7. exd6 $16 Qf6 8. Qd2 {White is better.} cxd6 9. e3 Be6 $146 ({Predecessor:} 9... O-O 10. Be2 h6 11. Rc1 Be6 12. O-O Nge5 13. b3 Rac8 {1-0 (63) Alzaim,T (2215)-Kadhim,N (2078) Baghdad 2018}) 10. Be2 (10. Bxd6 O-O-O $17) ({Better is} 10. Nd4) 10... Nge5 11. O-O Nxc4 12. Qc2 {Black must now prevent Nb5.} Bxc3 13. bxc3 N4e5 14. Rfd1 Qe7 15. Ng5 f6 (15... Rd8 $16) 16. Nxe6 (16. Nxh7 O-O-O $17) 16... Qxe6 17. Rab1 O-O-O 18. Qa4 Kc7 (18... h5 $142 19. e4 g5) 19. Bb5 a6 20. Be2 h5 (20... g5 $142) 21. e4 $40 {[%mdl 128] White wants a kill.} Ra8 22. c4 {[%cal Bc3c4,Bc4c5][%mdl 32]} g5 23. Be3 ({Don't do} 23. Bxe5 dxe5 24. c5 Rhd8 $18) 23... Nd7 (23... b5 $142 24. cxb5 axb5 25. Qxb5 Rhb8) 24. Qa3 b6 25. Qb3 {[%cal Re3b6]} Rab8 26. c5 $1 {[%mdl 64] [#] Discovered Attack} Qxb3 27. cxd6+ ({Stronger than} 27. axb3 bxc5 28. Bxa6 Nde5 $15) 27... Kb7 28. Rxb3 ({Resist} 28. axb3 $6 b5 $18) 28... g4 29. Bc4 Ka7 $2 {[#]} (29... Nce5 {was worth a try.}) 30. Ra3 a5 31. Bb5 Kb7 32. Rc3 Nde5 33. Bxc6+ Nxc6 34. d7 {Played: Rd1-b1} 1-0

[Event "1st Cyprus Chess Tournament 2019"]
[Site "Larnaca"]
[Date "2019.10.28"]
[Round "5.6"]
[White "Tsyn, Igor"]
[Black "Terentiev, Sergei"]
[Result "1-0"]
[WhiteElo "2129"]
[BlackElo "2285"]
[Annotator "RC"]
[PlyCount "65"]
[EventDate "2019.10.25"]
[EventType "swiss"]
[EventCountry "CYP"]
[SourceTitle "playchess.com"]
[Source "ChessBase"]
[SourceQuality "1"]
[TimeControl "5400+30"]

1. e4 {[%emt 0:00:00]} c5 {[%emt 0:00:11]} 2. Nf3 {[%emt 0:00:00]} g6 {[%emt 0:00:08]} 3. d4 {[%emt 0:13:04]} cxd4 {[%emt 0:00:23]} 4. Nxd4 {[%emt 0:00:04]} Bg7 {[%emt 0:00:10]} 5. c4 {[%emt 0:00:21]} Nc6 {[%emt 0:05:09]} 6. Be3 {[%emt 0:04:38]} Nf6 {[%emt 0:00:13]} 7. Nc3 {[%emt 0:19:27]} O-O {[%emt 0:00:28]} 8. Be2 {[%emt 0:01:51]} b6 {[%emt 0:00:27]} 9. O-O {[%emt 0:01:28]} Bb7 {[%emt 0:00:08]} 10. f3 {[%emt 0:03:35]} Nh5 {[%emt 0:00:09]} 11. Nc2 {[%emt 0:03:48]} f5 {[%emt 0:06:34]} 12. exf5 {[%emt 0:31:13]} gxf5 {[%emt 0:00:50]} 13. Qd2 {[%emt 0:00:09]} e6 {[%emt 0:08:34]} 14. Rad1 {[%emt 0:00:50]} Rf7 {[%emt 0:01:05]} 15. Nb5 {[%emt 0:03:07]} f4 {[%emt 0:01:49]} 16. Bf2 {[%emt 0:00:07]} d5 {[%emt 0:00:10]} 17. cxd5 {[%emt 0:00:45]} exd5 {[%emt 0:00:08]} 18. Qxd5 {[%emt 0:00:38]} Qxd5 {[%emt 0:10:02]} 19. Rxd5 {[%emt 0:00:04]} Ne5 {[%emt 0:00:09]} 20. Rd2 {[%emt 0:03:09]} Rd7 {[%emt 0:04:48]} 21. Rxd7 {[%emt 0:02:22]} Nxd7 {[%emt 0:00:10]} 22. Rd1 {[%emt 0:00:35]} Nhf6 {[%emt 0:00:11]} 23. Nd6 {[%emt 0:01:08]} Bc6 {[%emt 0:01:34]} 24. Bc4+ {[%emt 0:01:05]} Kf8 {[%emt 0:00:09]} 25. Nd4 {[%emt 0:02:16]} Bd5 {[%emt 0:00:03]} 26. Bxd5 {[%emt 0:02:02]} Nxd5 {[%emt 0:00:10]} 27. N4f5 {[%emt 0:01:32]} N7f6 {[%emt 0:04:02]} 28. Bd4 {[%emt 0:01:13]} Rd8 {[%emt 0:02:22]} 29. Bxf6 {[%emt 0:00:36]} Nxf6 {[%emt 0:03:48]} 30. Nxg7 {[%emt 0:00:04]} Rd7 {[%emt 0:00:25]} 31. Ngf5 {[%emt 0:00:40]} h5 {[%emt 0:00:26]} 32. Re1 {[%emt 0:00:14]} Kg8 {[%emt 0:00:11]} 33. Re7 {[%emt 0:00:55]} 1-0